5HLuxD.jpg

KING HENRY VIII SENIOR AND PRIMARY SCHOOL LIBRARY OPAC

NorthStar 1 : (Record no. 2802)

000 -LEADER
fixed length control field 00814nam a22002775i 4500
001 - CONTROL NUMBER
control field 017022556
003 - CONTROL NUMBER IDENTIFIER
control field Uk
005 - DATE AND TIME OF LATEST TRANSACTION
control field 20230822095759.0
008 - FIXED-LENGTH DATA ELEMENTS--GENERAL INFORMATION
fixed length control field 150123s2015 enk |||| ||eng
016 7# - NATIONAL BIBLIOGRAPHIC AGENCY CONTROL NUMBER
Record control number 017022556
Source Uk
020 ## - INTERNATIONAL STANDARD BOOK NUMBER
International Standard Book Number 9780134049748 (paperback)
020 ## - INTERNATIONAL STANDARD BOOK NUMBER
International Standard Book Number 0134049748 (paperback)
040 ## - CATALOGING SOURCE
Original cataloging agency Uk
Language of cataloging eng
Transcribing agency Uk
Description conventions rda
Modifying agency KH8
082 04 - DEWEY DECIMAL CLASSIFICATION NUMBER
Classification number 428.24 BEA
Edition number 23
100 ## - MAIN ENTRY--PERSONAL NAME
Personal name Beaumont, John,
Relator term author.
245 00 - TITLE STATEMENT
Title NorthStar 1 :
Remainder of title reading & writing /
Statement of responsibility, etc. John Beaumont.
250 ## - EDITION STATEMENT
Edition statement Third Edition, International Edition.
264 #1 - PRODUCTION, PUBLICATION, DISTRIBUTION, MANUFACTURE, AND COPYRIGHT NOTICE
Name of producer, publisher, distributor, manufacturer Pearson Education,
Date of production, publication, distribution, manufacture, or copyright notice [2015]
300 ## - PHYSICAL DESCRIPTION
Extent xix, 200 pages;
Dimensions 7.9 x 0.55 x 9.95 inches.
440 ## - SERIES STATEMENT/ADDED ENTRY--TITLE
Title NorthStar
650 ## - SUBJECT ADDED ENTRY--TOPICAL TERM
Topical term or geographic name entry element English
Form subdivision Reading
650 ## - SUBJECT ADDED ENTRY--TOPICAL TERM
Topical term or geographic name entry element English
Form subdivision Writing
650 ## - SUBJECT ADDED ENTRY--TOPICAL TERM
Topical term or geographic name entry element English
Form subdivision Second language
700 ## - ADDED ENTRY--PERSONAL NAME
Personal name Yancey, Judith,
Relator term author.
942 ## - ADDED ENTRY ELEMENTS (KOHA)
Source of classification or shelving scheme
Koha item type Teaching Resources
Holdings
Withdrawn status Lost status Source of classification or shelving scheme Damaged status Not for loan Collection code Permanent Location Current Location Shelving location Date acquired Full call number Barcode Date last seen Price effective from Koha item type
          Teaching Resources KH8 Senior School Library KH8 Senior School Library Staff Office 2023-08-22 428.24 BEA TRKHSL002223 2023-08-22 2023-08-22 Teaching Resources

Powered By KH8 IT Dept